000 00373nam a2200097Ia 4500
008 180130s9999 xx 000 0 und d
245 _cDe Meyer, Arnoud
_aNational R&D systems and technology development in Asia
260 _c2014
300 _aBook title: The Oxford handbook of Asian business systems--Acession number C19643; pages 465-486
650 _aBUSINESS SYSTEMS--ASIA
999 _c354428
_d354428